000 00532nam a2200181Ia 4500
008 090630s9999 xx 000 0 und d
082 _b5923
100 _aजोशी प्र. न.
245 _aसर्वज्ञ.
_cजोशी प्र. न.
260 _bअनुपम.
_c1981
300 _a302
600 _aजोशी प्र. न.
630 _aसर्वज्ञ.
655 _aकादंबरी.
700 _aजोशी प्र. न.
730 _aसर्वज्ञ.
942 _cBOOK
999 _c257779
_d257779